000
00420nam a2200181Ia 4500
008
090124s9999 xx 000 0 und d
082
_b
131760
100
_a
कदम बाबा
245
_a
भालू
250
_a
0
260
_c
2003
300
_a
196
600
_a
कदम बाबा
630
_a
भालू
700
_a
कदम बाबा
730
_a
भालू
942
_c
BOOK
999
_c
177849
_d
177849